000 00832nam a2200265Ia 4500
003 OSt
005 20220927115044.0
006 a|||||r|||| 00| 0
007 ta
008 220926b |||||||| |||| 00| 0 eng d
024 _a99943
037 _cThesis and Dissertations
040 _aRTL
_cRTL
_beng
041 _2eng
_aeng
082 _a"X9(J3).2,dN65, M3"
100 _aBedi Poonam
_9390410
110 _aUniversity of Delhi. Deptt of Commerce
_9390411
245 0 _aFoodgrains procurement and distribution
_b A case st
260 _aDelhi
_bUniversity of Delhi India
_c1960
300 _a76p. Bib p. 72-76
_ccm.
650 _aFood Industry
700 _aUniversity of Delhi. Deptt of Commerce
_9390412
942 _h"X9(J3).2,dN65, M3"
_cCC
999 _c705650
_d705650